[Event "Portugal Open Semirrapidas"]
[Site "Lisboa POR"]
[Date "2020.02.02"]
[Round "8.37"]
[White "AVELINO, Camila Biscaya"]
[Black "OLIVEIRA, Marco"]
[Result "1/2-1/2"]
[BlackElo "1993"]
[WhiteElo "1671"]
[LiveChessVersion "1.4.8"]

1. e4 {[%clk 0:15:08]} Nf6 {[%clk 0:15:06]} 2. e5 {[%clk 0:15:11]} Nd5
{[%clk 0:15:10]} 3. c4 {[%clk 0:15:15]} Nb6 {[%clk 0:15:14]} 4. a4
{[%clk 0:15:20]} a5 {[%clk 0:15:18]} 5. d4 {[%clk 0:15:21]} d6 {[%clk 0:15:21]}
6. exd6 {[%clk 0:15:18]} exd6 {[%clk 0:15:25]} 7. Nf3 {[%clk 0:15:03]} Bg4
{[%clk 0:15:28]} 8. Be2 {[%clk 0:15:06]} Be7 {[%clk 0:15:32]} 9. O-O
{[%clk 0:15:09]} O-O {[%clk 0:15:35]} 10. Nc3 {[%clk 0:14:52]} Nc6
{[%clk 0:15:38]} 11. Be3 {[%clk 0:14:44]} Bxf3 {[%clk 0:15:38]} 12. Bxf3
{[%clk 0:14:35]} Nxc4 {[%clk 0:15:41]} 13. Qb3 {[%clk 0:14:27]} Nxe3
{[%clk 0:14:08]} 14. fxe3 {[%clk 0:14:31]} Nb4 {[%clk 0:13:06]} 15. Nd5
{[%clk 0:14:19]} Nxd5 {[%clk 0:12:25]} 16. Bxd5 {[%clk 0:14:23]} Bg5
{[%clk 0:11:46]} 17. Bxf7+ {[%clk 0:13:50]} Kh8 {[%clk 0:11:33]} 18. Bd5
{[%clk 0:13:17]} c6 {[%clk 0:11:22]} 19. Bc4 {[%clk 0:13:20]} Qe7
{[%clk 0:11:09]} 20. Rfe1 {[%clk 0:12:54]} d5 {[%clk 0:10:33]} 21. Bf1
{[%clk 0:12:37]} Rae8 {[%clk 0:10:09]} 22. Ra3 {[%clk 0:12:19]} Qf6
{[%clk 0:09:52]} 23. Qc2 {[%clk 0:12:07]} Bh4 {[%clk 0:09:16]} 24. g3
{[%clk 0:11:49]} Bg5 {[%clk 0:08:56]} 25. Bg2 {[%clk 0:11:07]} Qh6
{[%clk 0:07:40]} 26. Qd3 {[%clk 0:10:40]} Qf6 {[%clk 0:07:21]} 27. Qc2
{[%clk 0:10:42]} Qe7 {[%clk 0:06:21]} 28. Qd3 {[%clk 0:10:29]} Qb4
{[%clk 0:06:13]} 29. Qc3 {[%clk 0:10:09]} Qd6 {[%clk 0:06:07]} 30. Qc5
{[%clk 0:05:34]} Qh6 {[%clk 0:06:09]} 31. Qc3 {[%clk 0:05:26]} Re7
{[%clk 0:06:00]} 32. Qxa5 {[%clk 0:03:12]} Rxe3 {[%clk 0:05:43]} 33. Raxe3
{[%clk 0:03:16]} Bxe3+ {[%clk 0:05:46]} 34. Kh1 {[%clk 0:03:20]} Bxd4
{[%clk 0:05:19]} 35. Qb4 {[%clk 0:03:03]} c5 {[%clk 0:05:02]} 36. Qxb7
{[%clk 0:03:07]} Qd2 {[%clk 0:04:54]} 37. Qe7 {[%clk 0:03:08]} Rg8
{[%clk 0:02:44]} 38. Bxd5 {[%clk 0:03:11]} Bf6 {[%clk 0:02:48]} 39. Qe6
{[%clk 0:02:07]} Rf8 {[%clk 0:02:41]} 40. b3 {[%clk 0:02:02]} h6 {[%clk 0:02:17]}
41. Re2 {[%clk 0:00:57]} Qd1+ {[%clk 0:02:11]} 42. Re1 {[%clk 0:00:54]} Qd4
{[%clk 0:02:05]} 43. Qe4 {[%clk 0:00:49]} Qd2 {[%clk 0:01:54]} 44. Bc4
{[%clk 0:00:22]} Rd8 {[%clk 0:01:51]} 45. Re2 {[%clk 0:00:17]} Qd6
{[%clk 0:01:22]} 46. Qe6 {[%clk 0:00:15]} Qd1+ {[%clk 0:01:12]} 47. Re1
{[%clk 0:00:16]} Qd4 {[%clk 0:01:08]} 48. Qe4 {[%clk 0:00:15]} Qc3
{[%clk 0:01:00]} 49. Re3 {[%clk 0:00:10]} Qc1+ {[%clk 0:00:52]} 50. Re1
{[%clk 0:00:14]} Qd2 {[%clk 0:00:56]} 51. Re2 {[%clk 0:00:14]} Qd6
{[%clk 0:00:49]} 52. Qe6 {[%clk 0:00:18]} Qd4 {[%clk 0:00:46]} 53. Qe4
{[%clk 0:00:21]} Qd1+ {[%clk 0:00:46]} 54. Re1 {[%clk 0:00:25]} Qd2
{[%clk 0:00:49]} 55. Re2 {[%clk 0:00:29]} Qd7 {[%clk 0:00:41]} 56. Qe6
{[%clk 0:00:28]} Qb7+ {[%clk 0:00:40]} 57. Qe4 {[%clk 0:00:32]} Qd7
{[%clk 0:00:44]} 58. Qe6 {[%clk 0:00:36]} Qd1+ {[%clk 0:00:47]} 59. Re1
{[%clk 0:00:40]} Qd4 {[%clk 0:00:50]} 60. Qe4 {[%clk 0:00:44]} Qd6
{[%clk 0:00:48]} 61. Qe6 {[%clk 0:00:45]} Qd4 {[%clk 0:00:50]} 62. Qe4
{[%clk 0:00:48]} Qd6 {[%clk 0:00:53]} 63. Qe6 {[%clk 0:00:52]} Qd4
{[%clk 0:00:57]} 64. Qe4 {[%clk 0:00:56]} Qd6 {[%clk 0:01:00]} 1/2-1/2

[Event "Portugal Open Semirrapidas"]
[Site "Lisboa POR"]
[Date "2020.02.02"]
[Round "8.38"]
[White "CORREIA, Mario Rui"]
[Black "CARVALHO, Vitor"]
[Result "1-0"]
[BlackElo "1786"]
[WhiteElo "1979"]
[LiveChessVersion "1.4.8"]

1. d4 {[%clk 0:15:09]} Nf6 {[%clk 0:15:08]} 2. c4 {[%clk 0:15:13]} g6
{[%clk 0:15:12]} 3. Nf3 {[%clk 0:15:17]} Bg7 {[%clk 0:15:15]} 4. Nc3
{[%clk 0:15:21]} d5 {[%clk 0:15:19]} 5. Bf4 {[%clk 0:15:14]} O-O {[%clk 0:15:17]}
6. e3 {[%clk 0:15:18]} c5 {[%clk 0:15:18]} 7. cxd5 {[%clk 0:15:03]} Nxd5
{[%clk 0:15:15]} 8. Nxd5 {[%clk 0:15:06]} Qxd5 {[%clk 0:15:16]} 9. Be2
{[%clk 0:14:59]} Nc6 {[%clk 0:15:11]} 10. dxc5 {[%clk 0:14:08]} Qxc5
{[%clk 0:14:41]} 11. Rb1 {[%clk 0:12:12]} Bf5 {[%clk 0:13:39]} 12. Rc1
{[%clk 0:10:38]} Qb4+ {[%clk 0:13:00]} 13. Qd2 {[%clk 0:10:27]} Bxb2
{[%clk 0:12:14]} 14. Rd1 {[%clk 0:09:49]} Qxd2+ {[%clk 0:11:55]} 15. Nxd2
{[%clk 0:09:46]} Bc2 {[%clk 0:11:43]} 16. O-O {[%clk 0:09:49]} Bxd1
{[%clk 0:11:42]} 17. Bxd1 {[%clk 0:09:51]} Rfd8 {[%clk 0:11:30]} 18. Nf3
{[%clk 0:09:43]} Rd7 {[%clk 0:10:52]} 19. Bb3 {[%clk 0:09:46]} Na5
{[%clk 0:10:32]} 20. Ba4 {[%clk 0:09:49]} Nc6 {[%clk 0:10:23]} 21. g4
{[%clk 0:09:42]} a6 {[%clk 0:10:16]} 22. Rb1 {[%clk 0:09:23]} Bf6
{[%clk 0:10:02]} 23. e4 {[%clk 0:09:07]} e5 {[%clk 0:09:43]} 24. Nxe5
{[%clk 0:08:41]} Bxe5 {[%clk 0:07:59]} 25. Bxc6 {[%clk 0:08:44]} Re7
{[%clk 0:07:30]} 26. Bxe5 {[%clk 0:08:36]} Rxe5 {[%clk 0:07:31]} 27. Rxb7
{[%clk 0:08:30]} Rf8 {[%clk 0:05:29]} 28. Bd5 {[%clk 0:08:30]} Ree8
{[%clk 0:04:13]} 29. Ra7 {[%clk 0:08:34]} Rd8 {[%clk 0:04:03]} 30. Rxa6
{[%clk 0:08:35]} Rd7 {[%clk 0:04:06]} 31. Kg2 {[%clk 0:08:39]} Rb8
{[%clk 0:04:07]} 32. a4 {[%clk 0:08:28]} Rc8 {[%clk 0:03:51]} 33. Rb6
{[%clk 0:08:18]} Ra7 {[%clk 0:03:49]} 34. Bc6 {[%clk 0:08:13]} Rcc7
{[%clk 0:03:43]} 35. Bb5 {[%clk 0:08:17]} Kg7 {[%clk 0:03:44]} 36. Rd6
{[%clk 0:08:14]} Re7 {[%clk 0:03:46]} 37. Rd4 {[%clk 0:08:07]} Re5
{[%clk 0:03:49]} 38. f4 {[%clk 0:08:09]} Rc5 {[%clk 0:03:50]} 39. e5
{[%clk 0:08:09]} Rc3 {[%clk 0:03:52]} 40. f5 {[%clk 0:07:37]} Ra8
{[%clk 0:02:47]} 41. Rd7 {[%clk 0:07:25]} Kf8 {[%clk 0:02:22]} 42. Kf2
{[%clk 0:07:14]} gxf5 {[%clk 0:02:18]} 43. gxf5 {[%clk 0:07:18]} Rac8
{[%clk 0:02:16]} 44. e6 {[%clk 0:07:16]} fxe6 {[%clk 0:01:52]} 45. fxe6
{[%clk 0:07:19]} Rc2+ {[%clk 0:01:36]} 46. Kg3 {[%clk 0:07:17]} R2c3+
{[%clk 0:01:31]} 47. Kf4 {[%clk 0:07:16]} R3c7 {[%clk 0:01:19]} 48. e7+
{[%clk 0:07:13]} Kg8 {[%clk 0:00:46]} 49. Rxc7 {[%clk 0:07:16]} 1-0

[Event "Portugal Open Semirrapidas"]
[Site "Lisboa POR"]
[Date "2020.02.02"]
[Round "8.39"]
[White "SILVA, Tiago"]
[Black "MALOBERTI, David"]
[Result "0-1"]
[BlackElo "1975"]
[WhiteElo "1710"]
[LiveChessVersion "1.4.8"]

1. e4 {[%clk 0:15:09]} e6 {[%clk 0:15:09]} 2. d4 {[%clk 0:15:12]} d5
{[%clk 0:15:12]} 3. Nd2 {[%clk 0:15:16]} c5 {[%clk 0:15:16]} 4. exd5
{[%clk 0:15:19]} exd5 {[%clk 0:15:19]} 5. Ngf3 {[%clk 0:15:16]} Nf6
{[%clk 0:15:23]} 6. c3 {[%clk 0:15:00]} cxd4 {[%clk 0:15:09]} 7. Nxd4
{[%clk 0:15:00]} Nc6 {[%clk 0:15:11]} 8. N2f3 {[%clk 0:14:25]} Be7
{[%clk 0:14:42]} 9. Bd3 {[%clk 0:14:11]} O-O {[%clk 0:14:44]} 10. O-O
{[%clk 0:14:12]} Bg4 {[%clk 0:14:28]} 11. Nf5 {[%clk 0:13:23]} Bc5
{[%clk 0:14:09]} 12. h3 {[%clk 0:13:06]} Bh5 {[%clk 0:13:38]} 13. Ng3
{[%clk 0:11:17]} Bg6 {[%clk 0:13:41]} 14. Bxg6 {[%clk 0:11:13]} hxg6
{[%clk 0:13:44]} 15. Bg5 {[%clk 0:11:17]} Qd6 {[%clk 0:13:39]} 16. Bxf6
{[%clk 0:10:47]} gxf6 {[%clk 0:13:41]} 17. Nh4 {[%clk 0:09:27]} Qxg3
{[%clk 0:13:30]} 0-1

[Event "Portugal Open Semirrapidas"]
[Site "Lisboa POR"]
[Date "2020.02.02"]
[Round "8.40"]
[White "MARTINS, Diogo"]
[Black "SANTOS, Julio"]
[Result "1-0"]
[BlackElo "1769"]
[WhiteElo "1967"]
[LiveChessVersion "1.4.8"]

1. e4 {[%clk 0:15:09]} e5 {[%clk 0:15:09]} 2. Bc4 {[%clk 0:15:13]} Nc6
{[%clk 0:14:50]} 3. Nf3 {[%clk 0:15:17]} Bc5 {[%clk 0:14:39]} 4. b4
{[%clk 0:15:20]} Bxb4 {[%clk 0:14:27]} 5. c3 {[%clk 0:15:24]} Ba5
{[%clk 0:14:12]} 6. d4 {[%clk 0:15:27]} exd4 {[%clk 0:13:55]} 7. O-O
{[%clk 0:15:29]} Bxc3 {[%clk 0:12:29]} 8. Nxc3 {[%clk 0:15:30]} dxc3
{[%clk 0:12:32]} 9. Ba3 {[%clk 0:12:57]} d6 {[%clk 0:11:30]} 10. e5
{[%clk 0:12:47]} d5 {[%clk 0:10:02]} 11. Bxd5 {[%clk 0:12:26]} Nge7
{[%clk 0:09:47]} 12. Bxc6+ {[%clk 0:11:12]} bxc6 {[%clk 0:09:13]} 13. Qb3
{[%clk 0:10:36]} O-O {[%clk 0:08:29]} 14. Qxc3 {[%clk 0:10:36]} Re8
{[%clk 0:03:50]} 15. Rad1 {[%clk 0:10:35]} Bd7 {[%clk 0:03:53]} 16. e6
{[%clk 0:10:18]} fxe6 {[%clk 0:03:43]} 17. Ne5 {[%clk 0:09:50]} Nd5
{[%clk 0:03:43]} 18. Qf3 {[%clk 0:09:34]} Re7 {[%clk 0:02:32]} 19. Rfe1
{[%clk 0:09:02]} Qe8 {[%clk 0:02:13]} 20. h4 {[%clk 0:08:24]} Rd8
{[%clk 0:01:58]} 21. h5 {[%clk 0:08:15]} Nf6 {[%clk 0:01:13]} 22. h6
{[%clk 0:07:56]} g6 {[%clk 0:01:11]} 23. Qxf6 {[%clk 0:07:50]} 1-0

[Event "Portugal Open Semirrapidas"]
[Site "Lisboa POR"]
[Date "2020.02.02"]
[Round "8.41"]
[White "PORTEMAN, Eric"]
[Black "BARROS, Arlindo"]
[Result "0-1"]
[BlackElo "1491"]
[WhiteElo "1921"]
[LiveChessVersion "1.4.8"]

1. c4 {[%clk 0:15:08]} e5 {[%clk 0:15:09]} 2. Nc3 {[%clk 0:15:12]} Nf6
{[%clk 0:15:12]} 3. g3 {[%clk 0:15:14]} Bc5 {[%clk 0:15:04]} 4. Bg2
{[%clk 0:15:10]} O-O {[%clk 0:15:05]} 5. Nf3 {[%clk 0:15:13]} Nc6
{[%clk 0:14:22]} 6. a3 {[%clk 0:15:14]} a5 {[%clk 0:12:24]} 7. O-O
{[%clk 0:15:14]} d5 {[%clk 0:12:23]} 8. cxd5 {[%clk 0:14:55]} Nxd5
{[%clk 0:12:26]} 9. Qc2 {[%clk 0:14:49]} Bb6 {[%clk 0:11:27]} 10. Nxd5
{[%clk 0:14:45]} Qxd5 {[%clk 0:11:27]} 11. Ng5 {[%clk 0:14:46]} e4
{[%clk 0:10:53]} 12. Nxh7 {[%clk 0:14:10]} Re8 {[%clk 0:10:34]} 13. d3
{[%clk 0:14:09]} Kxh7 {[%clk 0:10:28]} 14. Bxe4+ {[%clk 0:14:02]} Rxe4
{[%clk 0:10:32]} 15. dxe4 {[%clk 0:14:05]} Qc5 {[%clk 0:10:19]} 16. Qb3
{[%clk 0:13:20]} Be6 {[%clk 0:09:44]} 17. Qf3 {[%clk 0:13:23]} Nd4
{[%clk 0:09:28]} 18. Qd3 {[%clk 0:12:36]} Bh3 {[%clk 0:09:29]} 19. Be3
{[%clk 0:12:05]} Bxf1 {[%clk 0:09:25]} 20. Rxf1 {[%clk 0:12:05]} Qc2
{[%clk 0:08:43]} 21. Bxd4 {[%clk 0:10:32]} Qxd3 {[%clk 0:08:45]} 22. exd3 Bxd4
23. Kg2 {[%clk 0:10:28]} b6 {[%clk 0:08:33]} 24. b3 {[%clk 0:10:31]} Rd8
{[%clk 0:08:26]} 25. a4 {[%clk 0:10:28]} c6 {[%clk 0:08:15]} 26. f4
{[%clk 0:10:24]} b5 {[%clk 0:08:02]} 27. axb5 cxb5 28. Kf3 {[%clk 0:09:55]} a4
{[%clk 0:08:06]} 29. bxa4 {[%clk 0:09:58]} bxa4 {[%clk 0:08:11]} 30. Rd1
{[%clk 0:09:53]} a3 {[%clk 0:08:15]} 31. Rd2 {[%clk 0:09:57]} Bb2
{[%clk 0:08:11]} 32. d4 {[%clk 0:09:59]} a2 {[%clk 0:08:13]} 33. Rxb2
{[%clk 0:10:03]} a1=Q {[%clk 0:08:14]} 34. Re2 {[%clk 0:09:30]} Rxd4
{[%clk 0:08:08]} 35. e5 {[%clk 0:09:33]} Qh1+ {[%clk 0:07:57]} 36. Kg4
{[%clk 0:09:31]} Qd1 {[%clk 0:07:45]} 37. Kf3 {[%clk 0:09:33]} Rd3+
{[%clk 0:07:37]} 38. Kf2 {[%clk 0:09:33]} Qh1 {[%clk 0:07:23]} 39. e6
{[%clk 0:09:10]} Qxh2+ {[%clk 0:07:17]} 40. Ke1 {[%clk 0:09:12]} Qg1#
{[%clk 0:07:20]} 0-1